Sự vận động của thể thơ tự do trong văn học Việt Nam từ đầu thế kỷ XX đến 1945

Khuynh hướng tự do hóa hình thức trong văn học Việt Nam từ đầu thế kỉ XX đến 1975. Sự vận động của thể thơ tự do từ đầu thế kỉ XX đến 1945 trên phương diện cái tôi trữ tình. Sự vận động của thể thơ tự do từ đầu thế kỉ XX đến 1945 trên phương diện hình thức....

Descripció completa

Guardat en:
Dades bibliogràfiques
Autor principal: Nguyễn Thị Bích Hiền
Altres autors: Hoàng Đức Khoa TS (Hướng dẫn)
Format: Llibre
Idioma:Vietnamese
Publicat: Đà Nẵng Đại học Đà Nẵng 2011
Matèries:
Etiquetes: Afegir etiqueta
Sense etiquetes, Sigues el primer a etiquetar aquest registre!
Thư viện lưu trữ: Mạng thư viện Đại học Đà Nẵng
LEADER 01583nam a2200325 4500
001 000010686
003 6896
005 20111219081257.0
008 111219s2011 viesd
041 |a vie 
072 |a Luận văn Thạc sĩ khoa học xã hội và nhân văn 
082 |a 895.9221  |b NG-H 
100 1 |a Nguyễn Thị Bích Hiền 
245 1 |a Sự vận động của thể thơ tự do trong văn học Việt Nam từ đầu thế kỷ XX đến 1945  |c Nguyễn Thị Bích Hiền 
260 |a Đà Nẵng  |b Đại học Đà Nẵng  |c 2011 
300 |a 114 tr  |c 29 cm  |e 1 tóm tắt, 1 đĩa CD 
500 |a Luận văn Thạc sĩ Khoa học xã hội và nhân văn. Chuyên ngành: Văn học Việt Nam. Mã số: 60.22.34 
520 |a Khuynh hướng tự do hóa hình thức trong văn học Việt Nam từ đầu thế kỉ XX đến 1975. Sự vận động của thể thơ tự do từ đầu thế kỉ XX đến 1945 trên phương diện cái tôi trữ tình. Sự vận động của thể thơ tự do từ đầu thế kỉ XX đến 1945 trên phương diện hình thức. 
653 |a Khuynh hướng của các nhà Nho 
653 |a Luận văn Thạc sĩ Văn học Việt Nam 
653 |a Khái niệm cái tôi và cái tôi trữ tình 
700 1 |a Hoàng Đức Khoa  |c TS  |e Hướng dẫn 
OWN |a LSP 
999 |a From the UDN01 
TYP |a Monograph 
TYP |a Printed language 
980 |a Mạng thư viện Đại học Đà Nẵng